El naranjo, ó, los círculos del tiempo /
Guardado en:
| Autor Principal: | |
|---|---|
| Formato: | Libro |
| Publicado: |
Buenos Aires :
Alfaguara,
2006
|
| Materias: | |
| Etiquetas: |
Agregar Etiqueta
Sin Etiquetas, Sea el primero en etiquetar este registro!
|
| LEADER | 00726nam a22002295a 4500 | ||
|---|---|---|---|
| 001 | CEM.cems011727 | ||
| 008 | 130507s2006##################000#0#####d | ||
| 005 | 20211110172954.0 | ||
| 003 | CEMS | ||
| 245 | 1 | 0 | |a El naranjo, ó, los círculos del tiempo / |c Carlos Fuentes |
| 260 | |a Buenos Aires : |b Alfaguara, |c 2006 | ||
| 300 | |a 287 p. | ||
| 590 | |a 1249.014 | ||
| 020 | |a 9505118732 | ||
| 100 | 1 | |a Fuentes, Carlos | |
| 082 | 0 | 4 | |a M868.4 |
| 653 | |a Literatura | ||
| 653 | |a Literatura mexicana siglo xx | ||
| 653 | |a Biblioteca TC | ||
| 859 | |a CEMS |b BIB. CEMS - 11 de abril |h M868.4 |i F952 |p 22675.04 |t Ej.1 | ||
| 859 | |a CEMS |b BIB. CEMS - 11 de abril |h M868.4 |i F952 |p 25460.08 |t Ej.2 | ||
| 859 | |a CEMS |b BIB. CEMS - 11 de abril |h TC |p 1249.014 |t Ej.3 | ||
